| 000 | 00662nam a2200181Ia 4500 | ||
|---|---|---|---|
| 008 | 151018s9999 xx 000 0 und d | ||
| 082 |
_bRBASDV35481 _a891.463 |
||
| 100 | _aसोपान गाडे | ||
| 245 | _aमहाराष्ट्राचे मुख्यमंत्री | ||
| 250 | _b1 | ||
| 260 |
_bआविष्कार _c2002 |
||
| 300 | _a40 | ||
| 600 | _aसोपान गाडे | ||
| 630 | _aमहाराष्ट्राचे मुख्यमंत्री | ||
| 700 | _aसोपान गाडे | ||
| 730 | _aमहाराष्ट्राचे मुख्यमंत्री | ||
| 942 | _cBOOK | ||
| 999 |
_c1034956 _d1034953 |
||